Central Library OPAC University of Rajshahi

Essentials of plant technique / (Record no. 74887)

MARC details
000 -LEADER
fixed length control field 00627cam a22002292 4500
001 - CONTROL NUMBER
control field 74887
003 - CONTROL NUMBER IDENTIFIER
rucl marc code BD-RjUL
005 - DATE AND TIME OF LATEST TRANSACTION
control field 20211209082622.0
008 - FIXED-LENGTH DATA ELEMENTS--GENERAL INFORMATION
fixed length control field 691202s1985 ii af b 001 0 eng
035 ## - SYSTEM CONTROL NUMBER
System control number (BD-RjUL)75105
040 ## - CATALOGING SOURCE
Original cataloging agency DLC
Transcribing agency DLC
Modifying agency UKM
-- EQO
Language of cataloging eng
041 ## - LANGUAGE CODE
Language code of text/sound track or separate title eng
082 ## - DEWEY DECIMAL CLASSIFICATION NUMBER
Classification number 580
Edition number 23
Author mark and year DWE 1985
245 10 - TITLE STATEMENT
Title Essentials of plant technique /
260 ## - PUBLICATION, DISTRIBUTION, ETC. (IMPRINT)
Place of publication, distribution, etc. India :
Name of publisher, distributor, etc. Scintific pub,
Date of publication, distribution, etc. 1985.
300 ## - PHYSICAL DESCRIPTION
Pagination 176 p. :
Illustrations plates, illus ;
Size 22 cm.
504 ## - BIBLIOGRAPHY, ETC. NOTE
Bibliography, etc Includes bibliography
650 #0 - SUBJECT ADDED ENTRY--TOPICAL TERM
Topical term or geographic name as entry element Botanical laboratories.
9 (RLIN) 226099
700 1# - ADDED ENTRY--PERSONAL NAME
Personal name .
Fuller form of name Sing, R.B.
942 ## - ADDED ENTRY ELEMENTS (KOHA)
Source of classification or shelving scheme Dewey Decimal Classification
Koha item type Books
Holdings
Lost status Source of classification or shelving scheme Damaged status Not for loan Collection code Permanent Location Current Location Shelving location Date acquired Source of acquisition Cost, normal purchase price Total Checkouts Full call number Date last seen Copy number Koha item type
  Dewey Decimal Classification   Not For Loan Non-fiction Central Library, University of Rajshahi Central Library, University of Rajshahi Reading Room 15/07/1986 Karim International 45.00   580 DWE 1985 19/01/2019 C-1 Books